Increasing Women’s participation in Municipal decision-making processes: (Record no. 4532)
[ view plain ]
| 000 -LEADER | |
|---|---|
| fixed length control field | 00731nam a2200169 4500 |
| 008 - FIXED-LENGTH DATA ELEMENTS--GENERAL INFORMATION | |
| fixed length control field | 231219b |||||||| |||| 00| 0 eng d |
| 020 ## - ISBN | |
| ISBN | 091908088x |
| 027 ## - STANDARD TECHNICAL REPORT NUMBER | |
| Report Number | FCM 1047E |
| 082 ## - DEWEY DECIMAL CLASSIFICATION NUMBER | |
| Classification number | 305.42 |
| Item number | INC |
| 942 ## - ADDED ENTRY ELEMENTS (KOHA) | |
| Item Type | Reports |
| 245 ## - TITLE STATEMENT | |
| Title | Increasing Women’s participation in Municipal decision-making processes: |
| Sub Title | strategies for more inclusive Canadian communities |
| 260 ## - PUBLICATION, DISTRIBUTION, ETC. (IMPRINT) | |
| Place of Publication | Ontario: |
| Name of Publisher | Federation of Canadian Municipalities, |
| Date of Copyright | 2004 |
| 300 ## - PHYSICAL DESCRIPTION | |
| Extent | 68 p. |
| Physical Details | Bibliography included |
| 856 ## - ELECTRONIC LOCATION AND ACCESS | |
| Uniform Resource Identifier | <a href="https://fcm.ca/sites/default/files/documents/resources/tool/increasing-womens-participation-in-municipal-decision-making-strategies-for-more-inclusive-canadian-communities-wilg.pdf">https://fcm.ca/sites/default/files/documents/resources/tool/increasing-womens-participation-in-municipal-decision-making-strategies-for-more-inclusive-canadian-communities-wilg.pdf</a> |
| 650 ## - SUBJECT ADDED ENTRY--TOPICAL TERM | |
| Topical Term | Gender equality |
| 650 ## - SUBJECT ADDED ENTRY--TOPICAL TERM | |
| Topical Term | Women in government |
| Withdrawn status | Lost status | Source of classification or shelving scheme | Damaged status | Not for loan | Permanent location | Current location | Date acquired | Total Checkouts | Full call number | Barcode | Date last seen | Price effective from | Koha item type |
|---|---|---|---|---|---|---|---|---|---|---|---|---|---|
| Dewey Decimal Classification | Resource center, Muslim Women's Research And Action Forum | Resource center, Muslim Women's Research And Action Forum | 2023-12-19 | 305.42 INC | RAF4591 | 2023-12-19 | 2023-12-19 | Reports |

